000 00279nam a22001337a 4500
003 SGT
082 _a302.2
_bM17B
100 _aBARAN, STANLEY
245 _aMASS COMMUNICATION THEORY
250 _a7TH
260 _aDELHI
_bCENGAGE
_c2017
300 _a408
942 _2ddc
_cBK
_02
999 _c17062
_d17062